Central Library OPAC University of Rajshahi

সমকালীন বাংলা ভাষার অভিধান : (Record no. 60022)

MARC details
000 -LEADER
fixed length control field 01344nam a2200277 a 4500
001 - CONTROL NUMBER
control field 60022
003 - CONTROL NUMBER IDENTIFIER
rucl marc code BD-RjUL
005 - DATE AND TIME OF LATEST TRANSACTION
control field 20211209080809.0
008 - FIXED-LENGTH DATA ELEMENTS--GENERAL INFORMATION
fixed length control field 161228r20031993bg |||| b||| 0|| 0 eng d
020 ## - INTERNATIONAL STANDARD BOOK NUMBER
Terms of availability : Tk. 100.00
International Standard Book Number 9840743473
035 ## - SYSTEM CONTROL NUMBER
System control number (BD-RjUL)60146
040 ## - CATALOGING SOURCE
Original cataloging agency BD-RjUL
Language of cataloging ben
Transcribing agency BD-RjUL
041 ## - LANGUAGE CODE
Language code of text/sound track or separate title ben
082 ## - DEWEY DECIMAL CLASSIFICATION NUMBER
Edition number 23
Classification number 491.443
Author mark and year SAM 2003
245 00 - TITLE STATEMENT
Title সমকালীন বাংলা ভাষার অভিধান :
Remainder of title স্বরবর্ণ অংশ /
Statement of responsibility, etc. আবু ইসহাক সঙ্কলিত ও সম্পাদিত
246 ## - VARYING FORM OF TITLE
Title proper/short title বাংলা একাডেমী সমকালীন বাংলা ভাষার অভিধান :
Remainder of title স্বরবর্ণ অংশ
260 ## - PUBLICATION, DISTRIBUTION, ETC. (IMPRINT)
Place of publication, distribution, etc. ঢাকা :
Name of publisher, distributor, etc. বাংলা একাডেমী,
Date of publication, distribution, etc. ১৯৯৩ [পুনর্মুদ্রণ ২০০৩] .
300 ## - PHYSICAL DESCRIPTION
Pagination [১৯], ২৪৩, ৪২ পৃ. ;
Size ২৩ সেমি.
490 ## - SERIES STATEMENT
Series statement বাএ ;
Volume/sequential designation ৪৩৩৮
504 ## - BIBLIOGRAPHY, ETC. NOTE
Bibliography, etc গ্রন্থপঞ্জি সংযুক্ত
650 ## - SUBJECT ADDED ENTRY--TOPICAL TERM
Topical term or geographic name as entry element বাংলা ভাষা
Form subdivision অভিধান
9 (RLIN) 178599
Topical term or geographic name as entry element Bengali Language
Form subdivision Dictionaries
9 (RLIN) 173986
700 ## - ADDED ENTRY--PERSONAL NAME
Personal name ইসহাক, আবু, সঙ্কলক ও সম্পাদক
830 ## - SERIES ADDED ENTRY--UNIFORM TITLE
Uniform title বাএ ;
Volume number/sequential designation ৪৩৩৮
942 ## - ADDED ENTRY ELEMENTS (KOHA)
Source of classification or shelving scheme Dewey Decimal Classification
Koha item type Reference
Holdings
Lost status Source of classification or shelving scheme Damaged status Not for loan Collection code Permanent Location Current Location Shelving location Date acquired Source of acquisition Cost, normal purchase price Total Checkouts Full call number Date last seen Copy number Koha item type
  Dewey Decimal Classification   Not For Loan Reference Central Library, University of Rajshahi Central Library, University of Rajshahi   08/06/2011 Dhaka, Bangla Academy 100.00   BR 491.443 SAM 2003 28/12/2016 C-1 Reference